| 000 | 01088nam a22002535a 4500 | ||
|---|---|---|---|
| 999 |
_c27089 _d27061 |
||
| 003 | EG-ScBUE | ||
| 005 | 20190206135103.0 | ||
| 008 | 190206s2011 ua frb 000 0 ara d | ||
| 040 |
_aEG-ScBUE _bara _cEG-ScBUE _dEG-ScBUE |
||
| 043 | _af-ua--- | ||
| 082 | 0 | 4 |
_a343.62096 _bق ل ي _222 |
| 100 | 1 | _aقليوبي، سميحة. | |
| 245 | 1 | 2 |
_aالأسس القانونية للتجارة البحرية : _bالسفينة - أشخاص الملاحة البحرية - عقد النقل البحري / _cسميحة القليوبي. |
| 260 |
_aالقاهرة : _bدار النهضة العربية، _c2011. |
||
| 300 |
_a343 ص. ؛ _c24 سم. |
||
| 504 | _aيشتمل على إرجاعات ببليوجرافية. | ||
| 541 |
_aأ. د. سميحة القليوبي ؛ _cإهداء ؛ |
||
| 650 | 7 |
_aالتجارة البحرية _xقوانين وتشريعات _zمصر. _2BUEsh |
|
| 650 | 7 |
_aالقانون البحري _zمصر. _2BUEsh |
|
| 650 | 7 |
_aالسفن _xقوانين وتشريعات _zمصر. _2BUEsh |
|
| 651 | _2BUEsh | ||
| 653 |
_bLLAAWW _cFebruary2019 |
||
| 942 | _2ddc | ||